Estadísticas para Top 5 Capitales por Categoría #1

Haz click aquí para intentar la prueba.

Estadísticas generales

  • Esta prueba ha sido intentada 63 veces
  • La puntuación promedio es 25 de 42

Estadísticas de respuestas

Capital% Correcto
París
100%
Tokio
94%
Buenos Aires
92%
Quito
92%
Santiago
92%
Pekín
90%
Londres
88%
Moscú
86%
Oslo
86%
Washington D.C.
86%
Helsinki
84%
Reikiavik
84%
Estocolmo
82%
Bogotá
76%
Canberra
76%
El Cairo
73%
Lima
73%
Montevideo
69%
Wellington
65%
La Paz
61%
Seúl
59%
Doha
55%
Yakarta
55%
Abu Dhabi
53%
Ámsterdam
51%
Singapur
51%
Copenhague
49%
Dublin
49%
Teherán
49%
Tallin
47%
Manila
41%
Bagdad
39%
Bruselas
39%
Kuala Lumpur
39%
Daca
35%
Sucre
33%
Timbu
20%
Manama
16%
Libreville
14%
Kampala
12%
Santo Tomé
4%
Yaren
4%

Distribución de puntuación

Porcentaje por número respondido

Porcentaje de gente con cada puntuación

Historial de tus puntuaciones

No has intentado esta prueba.